| 000 | 00696nam a22002055i 4500 | ||
|---|---|---|---|
| 001 | 155579 | ||
| 003 | ES-MaACL | ||
| 005 | 20230906210130.0 | ||
| 008 | 941221s1894 |||| | spa d | ||
| 040 |
_aPAB _bspa |
||
| 100 | 1 |
_aHoracio Flaco, Quinto. _964182 |
|
| 245 | 1 | 0 |
_aEpistola a los pisones / _cQ. Horacio Flaco ; traducido en prose anotado y dispuesta por Marcelo Macias y Garcia. |
| 250 | _a2\pa\s ed. | ||
| 260 |
_aOrense : _b[s.n.], _c1894 ( _fImprenta de Antonio Otero) |
||
| 300 |
_aXV, 143 p. ; _c22 cm. |
||
| 504 | _aTexto en español y latín. | ||
| 700 | 1 | 1 |
_aMacías y García, Marcelo, _eed. lit. _975226 |
| 852 |
_aES-MaACL _j1694-F-9 _z-- Rust. |
||
| 999 |
_c155579 _d155579 |
||